| 000 | 00737cam a2200241 a 4500 | ||
|---|---|---|---|
| 001 | 3855351 | ||
| 005 | 20250131202552.0 | ||
| 008 | 880523s1989 paua b 001 0 eng c | ||
| 020 | _a9780397509355 | ||
| 050 | 1 | 0 |
_aRC78 _b.T67 1989 |
| 082 | 0 | 0 |
_a616.07/57 _219 |
| 100 | 1 | _aTorres, Lillian S. | |
| 245 | 1 | 0 |
_aBasic medical techniques and patient care for radiologic technologists / _cLillian S. Torres. |
| 250 | _a3rd ed. | ||
| 260 |
_aPhiladelphia : _bJ. B. Lippincott Company, _cc1989. |
||
| 300 |
_axiv, 232 p. : _bill. ; _c29 cm. |
||
| 500 | _aIncludes index. | ||
| 650 | 0 | _aMedical radiology. | |
| 650 | 0 | _aNursing. | |
| 650 | 0 | _aRadiologic technologists. | |
| 650 | 2 | _aTechnology, Radiologic. | |
| 942 |
_2lcc _cBK _e3rd ed. _n0 |
||
| 999 |
_c3334 _d3334 |
||